Náklady a dôsledky nezamestnanosti

Vznik a vývoj nezamestnanosti ako ekonomického problému. Priame a nepriame náklady nezamestnanosti.

Salvato in:
Dettagli Bibliografici
Autore principale: Martincová, Marta, 1955-
Natura: Capitolo di libro
Lingua:slovacco
Soggetti:
Tags: Aggiungi Tag
Nessun Tag, puoi essere il primo ad aggiungerne!!

MARC

LEADER 00000nla a2200000 4500
001 0179497
005 20240502073041.6
041 0 |a slo 
044 |a SK 
245 1 0 |a Náklady a dôsledky nezamestnanosti  |c Marta Martincová 
520 |a Vznik a vývoj nezamestnanosti ako ekonomického problému. Priame a nepriame náklady nezamestnanosti. 
610 2 0 |a nezamestnanosť 
610 2 0 |a nezamestnanosť dlhodobá 
610 2 0 |a trh práce 
610 2 0 |a náklady 
100 1 |a Martincová, Marta, 1955-